000 00373nam a2200145Ia 4500
008 231129s2007||||xx |||||||||||||| ||spa||
020 _a978-84-96929-48-7
040 _bspa
082 _aU813 L752r
100 _aLindsey David
245 0 _aEl rostro del asesino
260 _c2007
264 _aEdiciones El Andén
942 _2ddc
_cBKS
999 _c12354
_d12354